LEADER 01031nam0-2200337li-450 001 990000140970203316 005 20180312154741.0 010 $a0-471-53262-2 035 $a0014097 035 $aUSA010014097 035 $a(ALEPH)000014097USA01 035 $a0014097 100 $a20001109d1993----km-y0itay0103----ba 101 0 $aeng 102 $aUS 200 1 $aBridge inspection and rehabilitation$ea practical guide$fedited by Louis G. Silano 210 $aNew York$cJohn Wiley$dcopyr. 1993 610 1 $aponti manutenzione 676 $a624.28$9costruzione, manutenzione, riparazione 702 1$aSilano,$bLouis G. 801 $aSistema bibliotecario di Ateneo dell' Università di Salerno$gRICA 912 $a990000140970203316 951 $a624.28 BRI$b0005975 959 $aBK 969 $aTEC 979 $c19950427 979 $c20001110$lUSA01$h1712 979 $c20020403$lUSA01$h1621 979 $aPATRY$b90$c20040406$lUSA01$h1610 996 $aBridge inspection and rehabilitation$91491598 997 $aUNISA LEADER 02407nam 2200529Ia 450 001 9910782543403321 005 20200520144314.0 010 $a981-261-940-2 035 $a(CKB)1000000000578690 035 $a(EBL)433480 035 $a(OCoLC)609835228 035 $a(SSID)ssj0000366019 035 $a(PQKBManifestationID)11231840 035 $a(PQKBTitleCode)TC0000366019 035 $a(PQKBWorkID)10414716 035 $a(PQKB)10992296 035 $a(MiAaPQ)EBC433480 035 $a(Au-PeEL)EBL433480 035 $a(CaPaEBR)ebr10515540 035 $a(PPN)187310041 035 $a(EXLCZ)991000000000578690 100 $a20070709d2007 uy 0 101 0 $aeng 135 $aur|n|---||||| 181 $ctxt 182 $cc 183 $acr 200 10$aSoeharto$b[electronic resource] $ethe life and legacy of Indonesia's second president : an authorised biography /$fRetnowati Abdulgani-Knapp 210 $aSingapore $cMarshall Cavendish Editions ;$aTarrytown, NY $cMarshall Cavendish$dc2007 215 $a1 online resource (377 p.) 300 $aDescription based upon print version of record. 311 $a981-261-340-4 320 $aIncludes bibliographical references (p. [364]-367)and index. 327 $acover; ACKNOWLEDGEMENTS; CONTENTS; AUTHOR'S NOTE; Chapter 1; Chapter 2; Chapter 3; Chapter 4; Chapter 5; TIMELINE; ABBREVIATIONS; GLOSSARY; REFERENCES; INDEX 330 $aSOEHARTO: The Life and Legacy of Indonesia's Second President is the biography of a man who rose from a humble farming background to become one of the most important political figures in Asia. This insightful narrative traces his life from his birth in 1921, through his long tenure as president to his present life, one that is far divorced from his former days of glory. It also explores the controversy surrounding the charitable organizations (or Yayasan) which were established during his time in power and their links to the Indonesian conglomerates and his family. As president, he was often d 606 $aPresidents$zIndonesia$vBiography 607 $aIndonesia$xPolitics and government$y1966-1998 615 0$aPresidents 676 $a959.8037092 700 $aAbdulgani-Knapp$b Retnowati$01528793 801 0$bMiAaPQ 801 1$bMiAaPQ 801 2$bMiAaPQ 906 $aBOOK 912 $a9910782543403321 996 $aSoeharto$93772642 997 $aUNINA